000 00526nam a2200181Ia 4500
008 100917s9999 xx 000 0 und d
082 _b48104
100 _aरहाळकर कृ. के.
245 _aसंध्या प्रकाश
260 _bकृ. के. रहाळकर
_c1976
300 _a67
365 _b3.5
520 _aकविता
630 _aसंध्या प्रकाश
650 _aकविता
730 _aसंध्या प्रकाश
942 _cBOOK
999 _c653498
_d653495